000 00424nam a2200169Ia 4500
005 20250507125759.0
008 008 250505s9999 xx 000 0 kor d
037 _aAudio
040 _aEASL
_beng
_cEASL
041 _akor
_2eng
084 _aCD00083-84
_qEASL
245 0 _aWooljima tons = Autobiography
490 _vV. 2
650 _aKorean
942 _cAUD
_hCD00083-84
999 _c1313067
_d1313067